Mark my words - Statistics

General Stats
  • This quiz has been taken 21 times
  • The average score is 6 of 16
Answer Stats
Picture Answer % Correct
Mark Zuckerberg
89%
Mark Twain
79%
Mark Wahlberg
74%
Mark Hamill
58%
Mark Ruffalo
42%
Mark Knopfler
32%
Mark Ronson
32%
Mark Williams
26%
Mark Phillips
21%
Mark Waugh
21%
Mark Holden
16%
Mark Lester
16%
Mark Rothko
16%
Mark Rylance
16%
Pope Mark
11%
Mark O'Meara
5%
No matching quizzes found
Score Distribution
Percent of People with Each Score
Percentile by Number Answered
Your Score History
You have not taken this quiz